000 00482nam a2200193Ia 4500
008 151121s9999||||xx |||||||||||||| ||und||
082 _a294।1/Aur
082 _bHNW-56916
100 _aAurobindo Sri
245 4 _aThe Secret Of The Veda-6
260 _bS।A।A।Pondicherry।
260 _c--
300 _a581
600 _aAurobindo Sri
630 _aThe Secret Of The Veda-6
700 _aAurobindo Sri
730 _aThe Secret Of The Veda-6
942 _cBOOK
999 _c1239293
_d1239290